South Eastern Kenya University

Library Online Public Access Catalogue


College algebra. (Record no. 10207)

MARC details
000 -LEADER
fixed length control field 00858cam a2200301 a 4500
001 - CONTROL NUMBER
control field 14954427
003 - CONTROL NUMBER IDENTIFIER
control field OSt
005 - DATE AND TIME OF LATEST TRANSACTION
control field 20160202144337.0
008 - FIXED-LENGTH DATA ELEMENTS--GENERAL INFORMATION
fixed length control field 070806s2009 maua 001 0 eng
010 ## - LIBRARY OF CONGRESS CONTROL NUMBER
LC control number 2007060064
020 ## - INTERNATIONAL STANDARD BOOK NUMBER
International Standard Book Number 0321499131 (student ed.)
020 ## - INTERNATIONAL STANDARD BOOK NUMBER
International Standard Book Number 9780321499134 (student ed.)
020 ## - INTERNATIONAL STANDARD BOOK NUMBER
International Standard Book Number 0321056582
020 ## - INTERNATIONAL STANDARD BOOK NUMBER
International Standard Book Number 9780321501486 (AIE)
035 ## - SYSTEM CONTROL NUMBER
System control number (OCoLC)ocn164570968
035 ## - SYSTEM CONTROL NUMBER
System control number (OCoLC)164570968
040 ## - CATALOGING SOURCE
Original cataloging agency SEKU
050 00 - LIBRARY OF CONGRESS CALL NUMBER
Classification number QA 154.3
Item number .L5 2009
100 ## - MAIN ENTRY--PERSONAL NAME
Personal name Lial, Margaret L.
245 00 - TITLE STATEMENT
Title College algebra.
250 ## - EDITION STATEMENT
Edition statement 8th ed. /
Remainder of edition statement Margaret L. Lial ... [et al.].
260 ## - PUBLICATION, DISTRIBUTION, ETC. (IMPRINT)
Place of publication, distribution, etc. Boston, MA :
Name of publisher, distributor, etc. Pearson/Addison Wesley,
Date of publication, distribution, etc. c2009.
300 ## - PHYSICAL DESCRIPTION
Extent xviii, 738, [95] p. :
Other physical details ill. (some col.) ;
Dimensions 27 cm.
500 ## - GENERAL NOTE
General note Includes indexes.
650 #0 - SUBJECT ADDED ENTRY--TOPICAL TERM
Topical term or geographic name as entry element Algebra
Form subdivision Textbooks.
700 1# - ADDED ENTRY--PERSONAL NAME
Personal name Lial, Margaret L.
942 ## - ADDED ENTRY ELEMENTS (KOHA)
Source of classification or shelving scheme Library of Congress Classification
Koha item type General circulation
Holdings
Withdrawn status Lost status Source of classification or shelving scheme Damaged status Not for loan Home library Current library Shelving location Date acquired Source of acquisition Full call number Barcode Date last seen Price effective from Koha item type Public note
    Library of Congress Classification     SEHSS - Library SEHSS - Library General Stacks 02/02/2016 Donation-books for Africa [EHS] QA 154.3 .L5 2009 2016/013613 02/02/2016 02/02/2016 General circulation A.K.
Kitui, Kenya.
+254736116989
library@seku.ac.ke